Jugadores Colombia #1 - Estadísticas

Estadísticas generales
  • Esta prueba ha sido intentada 79 veces
  • La puntuación promedio es 16 de 20
Estadísticas de respuestas
Imagen Respuesta % Correcto
James Rodriguez
97%
Luis Diaz
97%
Yerry Mina
96%
Ospina
94%
Bacca
92%
Richard Rios
86%
Davinson Sanchez
85%
Jhon Duran
85%
Zapata
85%
Mojica
82%
Quintero
82%
Borja
80%
Daniel Muñoz
80%
Muriel
79%
Fabra
75%
Luis Suarez
72%
Cucho Hernandez
69%
Lerma
68%
Lucumi
65%
Sinisterra
62%
No se encontraron pruebas coincidentes
Distribución de puntuación
Porcentaje de gente con cada puntuación
Porcentaje por número respondido
Historial de tus puntuaciones
No has intentado esta prueba.